| History - American | 0 | 3 | 0 | 0 | 30 | 18 | 52.33 | 1 | 2 |
| Art - Other | 0 | 3 | 0 | 0 | 30 | 48 | 78.67 | 1 | 3 |
| Art - Painting/Sculpture | 0 | 3 | 0 | 1 | 30 | 79 | 90.67 | 0 | 2 |
| Art - Music/Opera | 0 | 3 | 0 | 1 | 30 | 82 | 92.33 | 1 | 2 |
| Social Science - Psychology | 0 | 2 | 0 | 0 | 20 | 76 | 91.00 | 0 | 1 |
| Literature - American drama | 0 | 2 | 0 | 1 | 20 | 48 | 83.00 | 1 | 1 |
| Literature - European long fiction | 0 | 2 | 0 | 0 | 20 | 57 | 74.50 | 0 | 2 |
| Philosophy - Medieval | 0 | 2 | 0 | 0 | 20 | 58 | 64.50 | 2 | 2 |
| Philosophy - Mixed/Any | 0 | 2 | 0 | 0 | 20 | 102 | 121.00 | 0 | 1 |
| Science - Biology | 0 | 2 | 0 | 1 | 20 | 75 | 102.00 | 0 | 1 |
| Science - Other | 0 | 2 | 0 | 1 | 20 | 126 | 134.00 | 0 | 1 |
| History - World | 0 | 1 | 0 | 0 | 10 | 49 | 49.00 | 0 | 0 |
| Current Events/Modern World - United States political | 0 | 1 | 0 | 1 | 10 | 131 | 131.00 | 0 | 0 |
| Literature - American long fiction | 0 | 1 | 0 | 0 | 10 | 42 | 42.00 | 1 | 1 |
| Literature - British short fiction | 0 | 1 | 0 | 0 | 10 | 101 | 101.00 | 0 | 1 |
| Religion - Christianity/Judaism | 0 | 1 | 0 | 0 | 10 | 128 | 128.00 | 0 | 0 |
| Literature - European poetry | 0 | 1 | 0 | 0 | 10 | 13 | 13.00 | 1 | 1 |
| Literature - World/Misc any | 0 | 1 | 0 | 0 | 10 | 84 | 84.00 | 0 | 1 |
| Literature - British drama | 0 | 1 | 0 | 0 | 10 | 89 | 89.00 | 1 | 1 |
| Philosophy - 20th century | 0 | 1 | 0 | 0 | 10 | 81 | 81.00 | 1 | 1 |
| Literature - British long fiction | 0 | 1 | 0 | 0 | 10 | 114 | 114.00 | 0 | 0 |
| Current Events/Modern World - United States social | 0 | 1 | 0 | 0 | 10 | 132 | 132.00 | 1 | 1 |
| History - European | 0 | 1 | 0 | 0 | 10 | 98 | 98.00 | 0 | 0 |
| Social Science - Linguistics | 0 | 1 | 0 | 0 | 10 | 125 | 125.00 | 0 | 0 |
| Philosophy - Enlightenment | 0 | 1 | 1 | 0 | 5 | 105 | 105.00 | 0 | 1 |
| History - Other | 0 | 1 | 1 | 0 | 5 | 77 | 77.00 | 1 | 1 |
| Philosophy - Ancient | 0 | 0 | 1 | 0 | -5 | | 0.00 | 0 | 0 |
| Mythology - Greco/Roman | 0 | 0 | 1 | 0 | -5 | | 0.00 | 0 | 0 |
| Literature - British any | 0 | 0 | 1 | 0 | -5 | | 0.00 | 0 | 0 |